44 Millones de Profesores : sus voces deben ser escuchadas (Record no. 61587)

MARC details
000 -CABECERA
campo de control de longitud fija 00442nam a2200169 a 4500
005 - FECHA Y HORA DE LA ÚLTIMA TRANSACCIÓN
campo de control 20210219152819.0
008 - ELEMENTOS DE LONGITUD FIJA--INFORMACIÓN GENERAL
campo de control de longitud fija 991125n 000 0 spa u
035 ## - NÚMERO DE CONTROL DEL SISTEMA
Número de control de sistema UPN01000062229
100 ## - ASIENTO PRINCIPAL--NOMBRE PERSONAL
Nombre de persona LAKIN, Rita
222 ## - TÍTULO CLAVE
Título clave EDUCACIÓN 2001
245 ## - MENCIÓN DE TÍTULO
Título 44 Millones de Profesores : sus voces deben ser escuchadas
300 ## - DESCRIPCIÓN FÍSICA
Extensión 58-59
362 ## - FECHAS DE PUBLICACIÓN Y/O DESIGNACIÓN SECUENCIAL
Fecha de publicación y/o designación secuencial 1995 No.5
700 ## - ASIENTO SECUNDARIO--NOMBRE DE PERSONAL
Nombre de persona RATTEREE, Bill, coaut.
904 ## - ELEMENTOS DE DATOS D LOCAL, LDD (RLIN)
a AC
b 000040
905 ## - TIPO DE MATERIAL
Tipo de material Articulo

No items available.